Southville International School and Colleges
Your cart is empty.
  • Cart
  • Lists
    Public lists Eva Luna New books Lux_list list_1
    Your lists Log in to create your own lists
  • Log in to your account
  • Your cookies
  • Search history
Southville International School and Colleges
  • Advanced search
  • Recent comments
  • Most popular
  • Libraries

Log in to your account

Log in with GOOGLE


If you do not have an external account, but do have a local account, you can still log in:

  1. Home
  2. MARC view: Romanticism /
Normal view MARC view ISBD view

Romanticism / (Record no. 10238)

[ view plain ]
MARC details
000 -LEADER
fixed length control field 00568nam a22001937a 4500
003 - CONTROL NUMBER IDENTIFIER
control field PILC
005 - DATE AND TIME OF LATEST TRANSACTION
control field 20151029084833.0
008 - FIXED-LENGTH DATA ELEMENTS--GENERAL INFORMATION
fixed length control field 130903t xxu||||| |||| 00| 0 eng d
020 ## - INTERNATIONAL STANDARD BOOK NUMBER
International Standard Book Number 0764152912
050 ## - LIBRARY OF CONGRESS CALL NUMBER
Classification number ND 457.5.R65
Item number .R6613 2000
082 ## - DEWEY DECIMAL CLASSIFICATION NUMBER
Classification number HS 709.0342
Item number B27 1999
245 ## - TITLE STATEMENT
Title Romanticism /
Statement of responsibility, etc Barron's Art handbooks
260 ## - PUBLICATION, DISTRIBUTION, ETC. (IMPRINT)
Place of publication, distribution, etc Spain :
Name of publisher, distributor, etc Parramon Ediciones,
Date of publication, distribution, etc c2000.
300 ## - PHYSICAL DESCRIPTION
Extent 95 p. :
Other physical details col. ill. ;
Dimensions 22 cm.
650 ## - SUBJECT ADDED ENTRY--TOPICAL TERM
Topical term or geographic name as entry element Romanticism in Art.
9 (RLIN) 16293
650 ## - SUBJECT ADDED ENTRY--TOPICAL TERM
Topical term or geographic name as entry element Painting European
General subdivision 19th century.
9 (RLIN) 16294
942 ## - ADDED ENTRY ELEMENTS (KOHA)
Source of classification or shelving scheme Library of Congress Classification
Koha item type Books
Holdings
Withdrawn status Lost status Source of classification or shelving scheme Damaged status Home library Current library Shelving location Date acquired Total Checkouts Full call number Barcode Date last seen Copy number Price effective from Koha item type
    Library of Congress Classification   Luxembourg Library Luxembourg Library High School Section 09/03/2013   ND 457.5.R65 .R6613 2000 10399 10/29/2015 1 09/03/2013 Books

Romanticism /

APA

(2000). Romanticism. Spain: Parramon Ediciones.

Chicago

2000. Romanticism. Spain: Parramon Ediciones.

Harvard

(2000). Romanticism. Spain: Parramon Ediciones.

MLA

Romanticism. Spain: Parramon Ediciones. 2000.

  • Place hold
  • Print
  • Cite
  • Add to your cart (remove)
  • Save record
    BIBTEX Dublin Core MARCXML MARC (non-Unicode/MARC-8) MARC (Unicode/UTF-8) MARC (Unicode/UTF-8, Standard) MODS (XML) RIS
  • More searches
    Search for this title in:
    Other Libraries (WorldCat) Other Databases (Google Scholar) Online Stores (Bookfinder.com) Open Library (openlibrary.org)

Exporting to Dublin Core...

SOUTHVILLE LIBRARY

Southville International School and Colleges Library

1281 Tropical Ave. Cor. Luxembourg St., BF Homes International, Las Pinas City

Tel. No. 8256374 / 252358 Loc. 117/146

Powered by Koha